Ghana First Level Subdivisions - Statistics

General Stats
  • This quiz has been taken 140 times
    138 since last reset
  • The average score is 9 of 16
Answer Stats
Regions % Correct
Greater Accra
86%
Central
66%
Western
64%
Ashanti
61%
Eastern
61%
Northern
59%
Upper East
59%
Upper West
59%
Volta
57%
Bono
55%
Ahafo
52%
Bono East
52%
Savannah
52%
North East
48%
Oti
43%
Western North
32%
No matching quizzes found
Score Distribution
Percent of People with Each Score
Percentile by Number Answered
Your Score History
You have not taken this quiz since the last reset